<?xml version="1.0" encoding="UTF-8"?>
<collection xmlns="http://www.loc.gov/MARC21/slim">
 <record>
  <leader>00747nam a2200217   4500</leader>
  <controlfield tag="001">000007117</controlfield>
  <controlfield tag="003">3278</controlfield>
  <controlfield tag="005">20150812140829.0</controlfield>
  <controlfield tag="008">110926s                               sd</controlfield>
  <datafield tag="082" ind1="1" ind2=" ">
   <subfield code="a">398.20959742</subfield>
   <subfield code="b">QU-M</subfield>
  </datafield>
  <datafield tag="245" ind1="0" ind2="0">
   <subfield code="a">Ca dao - Dân ca Thái Nghệ An</subfield>
  </datafield>
  <datafield tag="774" ind1=" " ind2=" ">
   <subfield code="a">Quán Vi Miên</subfield>
   <subfield code="d">H.</subfield>
   <subfield code="d">Đại học QGHN</subfield>
   <subfield code="d">2010</subfield>
   <subfield code="g">T.1</subfield>
   <subfield code="h">313 tr.</subfield>
   <subfield code="n">ĐTTS: Hội văn nghệ dân gian Việt Nam</subfield>
   <subfield code="t">Ca dao</subfield>
   <subfield code="w">3280</subfield>
  </datafield>
  <datafield tag="774" ind1=" " ind2=" ">
   <subfield code="a">Quán Vi Miên</subfield>
   <subfield code="d">H.</subfield>
   <subfield code="d">Đại học QGHN</subfield>
   <subfield code="d">2010</subfield>
   <subfield code="g">T.2</subfield>
   <subfield code="h">939 tr.</subfield>
   <subfield code="n">ĐTTS: Hội văn nghệ dân gian Việt Nam</subfield>
   <subfield code="t">Dân ca</subfield>
   <subfield code="w">3281</subfield>
  </datafield>
  <datafield tag="OWN" ind1=" " ind2=" ">
   <subfield code="a">LSP</subfield>
  </datafield>
  <datafield tag="999" ind1=" " ind2=" ">
   <subfield code="a">From the UDN01</subfield>
  </datafield>
  <datafield tag="TYP" ind1=" " ind2=" ">
   <subfield code="a">Monograph</subfield>
  </datafield>
  <datafield tag="TYP" ind1=" " ind2=" ">
   <subfield code="a">Printed language</subfield>
  </datafield>
  <datafield tag="980" ind1=" " ind2=" ">
   <subfield code="a">Mạng thư viện Đại học Đà Nẵng</subfield>
  </datafield>
 </record>
</collection>
